[Event "YUG-ch sf"]
[Site "Niska Banja"]
[Date "1996.??.??"]
[Round "9"]
[White "Brajovic, Radovan"]
[Black "Nestorovic, Dejan"]
[Result "1/2-1/2"]
[WhiteElo "2390"]
[BlackElo "2310"]

1. e4 c5 2. Nf3 e6 3. d4 cxd4 4. Nxd4 Bc5 5. Nb3 Bb6 6. Bd3 Ne7 7. c4 O-O
8. Nc3 Nbc6 9. c5 Bc7 10. f4 b6 11. e5 f6 12. exf6 Rxf6 13. O-O bxc5 14.
Ne4 Rh6 15. Nf2 Bb6 16. f5 Rf6 17. Bg5 Rf7 18. fxe6 dxe6 19. Qh5 g6 20. Qh4
c4 21. Bxc4 Qf8 22. Bh6 Nf5 23. Bxf8 Nxh4 24. Bc5 Ne5 25. Rfc1 Rf4 26. Nd3
Rxc4 27. Nxe5 Re4 28. Re1 Bb7 29. Rxe4 Bxe4 30. g3 Nf3+ 31. Nxf3 Bxf3 32.
Bxb6 axb6 33. a3 Rd8 34. Kf2 Bd5 35. Nd2 Bb7 36. Ke3 Ba6 37. Ne4 Rd3+ 38.
Kf4 Bb7 39. Re1 Bxe4 40. Rxe4 Rb3 41. Re2 Kf7 42. Ke5 Rd3 43. Rc2 Rd5+ 44.
Ke4 Kf6 45. Rc6 b5 46. Rc2 Re5+ 47. Kd4 Rd5+ 48. Kc3 Kf5 49. Rf2+ Ke4 50.
Re2+ Kf5 51. Rd2 Re5 52. Rf2+ Kg5 53. b3 Re1 54. Kb4 Ra1 55. Rc2 Kg4 56.
Rc7 h5 57. Re7 Kf5 58. Rf7+ Ke4 59. Rf6 e5 60. Rxg6 Ra2 61. h4 Kf3 62. Rg5
e4 63. Rxh5 e3 64. Rxb5 e2 65. Re5 Ra1 66. a4 e1=Q+ 67. Rxe1 Rxe1 68. a5
Ke4 69. Kb5 Kd4 70. a6 Re5+ 71. Kb6 Re6+ 72. Kb5 Re5+ 1/2-1/2

[Event "National Resistance op 4th"]
[Site "Greece"]
[Date "1996.??.??"]
[Round "?"]
[White "Balaskas, Panayotis"]
[Black "Sklavounos, Panayotis"]
[Result "1-0"]
[WhiteElo "2250"]
[BlackElo "2150"]

1. e4 c5 2. Nf3 e6 3. d4 cxd4 4. Nxd4 Bc5 5. Nb3 Bb4+ 6. c3 Be7 7. Be3 Nf6
8. N1d2 d5 9. e5 Nfd7 10. f4 Nc6 11. Bd3 Nb6 12. Qf3 Qc7 13. a3 Bd7 14. O-O
a5 15. Nd4 Na7 16. f5 O-O-O 17. b4 Nc4 18. Bxc4 dxc4 19. bxa5 Nb5 20. Nxb5
Bxb5 21. Rab1 Rd5 22. fxe6 fxe6 23. Kh1 Qxe5 24. Bd4 Qf5 25. Qe2 Qg5 26.
Qxe6+ Bd7 27. Qb6 Rb5 28. Rxb5 Qxb5 29. Qa7 Bd6 30. Rb1 Qd5 31. Qa8+ Bb8
32. Nxc4 Qe4 33. Nd6+ 1-0

[Event "Bled op 17th"]
[Site "Bled"]
[Date "1996.03.??"]
[Round "2"]
[White "Zugaj, Fjodor"]
[Black "Sale, Srdjan"]
[Result "0-1"]
[WhiteElo "2180"]
[BlackElo "2440"]

1. e4 e6 2. d4 c5 3. Nf3 cxd4 4. Nxd4 Bc5 5. Nb3 Bb6 6. Nc3 Ne7 7. Qh5 O-O
8. Bg5 h6 9. Bh4 f5 10. Bd3 fxe4 11. Nxe4 d5 12. Ng5 Qe8 13. Qxe8 Rxe8 14.
Nf3 Nbc6 15. O-O-O e5 16. Bb5 Bg4 17. Bxe7 Rxe7 18. Rxd5 e4 19. Nfd4 Nb4
20. Rd6 Kh7 21. h3 Bc7 22. Rxh6+ gxh6 23. hxg4 Bf4+ 24. Kb1 Rd8 25. Nf5 Re5
26. Nbd4 Red5 27. c3 Nc6 28. Bxc6 bxc6 29. Kc2 c5 30. Ne6 Rd2+ 31. Kb3 0-1

[Event "Ljubljana op 7th"]
[Site "Ljubljana"]
[Date "1996.06.??"]
[Round "5"]
[White "Kolar, Srecko"]
[Black "Sale, Srdjan"]
[Result "0-1"]
[WhiteElo "2200"]
[BlackElo "2440"]

1. e4 e6 2. d4 c5 3. Nf3 cxd4 4. Nxd4 Bc5 5. Nb3 Bb6 6. Bd3 Ne7 7. O-O O-O
8. Kh1 Nbc6 9. N1d2 d5 10. a3 Ne5 11. Be2 dxe4 12. Nxe4 Qxd1 13. Bxd1 Bd7
14. f4 Nc4 15. Bf3 Rac8 16. Re1 Bc6 17. g3 Rfd8 18. Kg2 Nf5 19. Kh3 h6 20.
Rb1 a5 21. g4 Ne7 22. Kg3 a4 23. Na1 f5 24. Nf2 fxg4 25. Bxc6 Nf5+ 26. Kg2
Bxf2 27. Kxf2 Rxc6 28. c3 Rd3 29. Nc2 Rh3 30. Kg1 Rd6 31. Rf1 Nd2 32. Bxd2
Rxd2 0-1

[Event "Yerevan ol (Women)"]
[Site "Yerevan"]
[Date "1996.09.??"]
[Round "4"]
[White "Licina, Anita"]
[Black "Macek, Vlasta"]
[Result "1/2-1/2"]
[WhiteElo "2155"]
[BlackElo "2205"]

1. e4 e6 2. d4 c5 3. Nf3 cxd4 4. Nxd4 Bc5 5. Nb3 Bb6 6. Nc3 Ne7 7. Bg5 f6
8. Bh4 O-O 9. Qd2 Nbc6 10. O-O-O Ne5 11. f4 Nf7 12. Be1 a6 13. h4 d5 14.
exd5 Nxd5 15. Nxd5 exd5 16. Bf2 Bg4 17. Bxb6 Qxb6 18. Be2 Bxe2 19. Qxe2
Rfe8 20. Qd2 Rad8 21. Rhe1 Re4 22. c3 f5 23. g3 a5 24. Rxe4 dxe4 25. Nd4 g6
26. Qe3 Qc5 1/2-1/2

[Event "CRO-chT"]
[Site "Medulin"]
[Date "1997.??.??"]
[Round "?"]
[White "Vargic, Drago"]
[Black "Bukal, Vladimir Jr"]
[Result "0-1"]
[WhiteElo "2295"]
[BlackElo "2350"]

1. e4 e6 2. d4 c5 3. Nf3 cxd4 4. Nxd4 Bc5 5. Nb3 Bb6 6. Nc3 Ne7 7. Bf4 O-O
8. Bd6 Nbc6 9. Qd2 f6 10. O-O-O a6 11. h4 Ne5 12. h5 Nf7 13. h6 g6 14. Ba3
Bc7 15. Nd4 Qe8 16. b3 b5 17. Bb2 Bb7 18. f4 b4 19. Na4 Bxe4 20. Nc5 Nd5
21. Nxe4 f5 22. Nxe6 Qxe6 23. Qxd5 Bxf4+ 24. Kb1 fxe4 25. Bc4 Qxd5 26. Bxd5
Rae8 27. Bg7 e3 28. Bxf8 Kxf8 29. Bc4 g5 30. Rxd7 Ne5 31. Rxh7 Nxc4 32.
bxc4 Kg8 33. Rg7+ Kh8 34. g3 Be5 35. Rxg5 Bc3 36. h7 e2 37. Rg8+ Rxg8 38.
hxg8=Q+ Kxg8 39. c5 e1=Q+ 40. Rxe1 Bxe1 41. g4 Kf7 42. Kb2 Ke6 43. a3 a5
44. Kb3 Kd5 45. g5 Kxc5 46. c4 Bc3 47. g6 Bg7 0-1

[Event "Vienna-ch"]
[Site "Vienna"]
[Date "1997.??.??"]
[Round "6"]
[White "Strauss, Anton"]
[Black "Todor, Razvan"]
[Result "1/2-1/2"]
[WhiteElo "2235"]
[BlackElo "2170"]

1. e4 e6 2. d4 c5 3. Nf3 cxd4 4. Nxd4 Bc5 5. Nb3 Bb6 6. Bf4 Ne7 7. Bd3 Nbc6
8. O-O O-O 9. Nc3 d5 10. exd5 exd5 11. Qh5 g6 12. Qg5 Bf5 13. Bxf5 Nxf5 14.
Rad1 Nb4 15. a3 Qxg5 16. Bxg5 Nxc2 17. Nxd5 Bd8 18. Bd2 Ncd4 19. Nxd4 Nxd4
20. Rfe1 Ne6 21. Bc3 Rc8 22. g3 Rc6 23. Kf1 h5 24. Re4 Kh7 25. Rb4 b6 26.
Re4 g5 27. f4 Nc5 28. Ree1 Re6 29. f5 Rh6 30. Kg2 Rc6 31. h3 a5 32. g4 Na4
1/2-1/2

[Event "Fouesnant op 3rd"]
[Site "Fouesnant"]
[Date "1997.??.??"]
[Round "8"]
[White "Prie, Eric"]
[Black "Le Roux, Jean Pierre"]
[Result "1-0"]
[WhiteElo "2465"]
[BlackElo "2265"]

1. e4 c5 2. Nf3 e6 3. d4 cxd4 4. Nxd4 Bc5 5. Nb3 Bb6 6. c4 Ne7 7. Nc3 O-O
8. Bf4 Nbc6 9. Bd6 Bc7 10. Nb5 Bxd6 11. Nxd6 f5 12. exf5 Nxf5 13. Nxf5 Rxf5
14. Bd3 Rf7 15. O-O Qf6 16. Qe2 a5 17. Rad1 b6 18. Be4 Bb7 19. Rd2 a4 20.
Nc1 Ra5 21. Rfd1 Qh6 22. h3 Re5 23. Nd3 Rh5 24. Ne1 Ra5 25. Rxd7 Qf6 26.
Rxf7 Qxf7 27. Nf3 Rc5 28. Rd6 1-0

[Event "Nis op"]
[Site "Nis"]
[Date "1997.??.??"]
[Round "3"]
[White "Perunovic, Milos"]
[Black "Nestorovic, Dejan"]
[Result "1/2-1/2"]
[WhiteElo "2160"]
[BlackElo "2380"]

1. e4 c5 2. Nf3 e6 3. d4 cxd4 4. Nxd4 Bc5 5. Nb3 Bb6 6. Nc3 Ne7 7. Bf4 d5
8. exd5 exd5 9. Bb5+ Nbc6 10. O-O O-O 11. Na4 d4 12. Nxb6 Qxb6 13. Bd3 Bf5
14. Bxf5 Nxf5 15. Re1 Rfd8 16. Bg5 Re8 17. Qg4 g6 18. Bf6 Qb4 19. c3 dxc3
20. Qxb4 Nxb4 21. Bxc3 Nd5 22. Bd2 Rac8 1/2-1/2

[Event "Harstad Open, Harstad"]
[Site "Harstad Open, Harstad"]
[Date "1997.??.??"]
[Round "?"]
[White "Jaeger, Frode Bull"]
[Black "Hanssen, Gunnar Berg"]
[Result "1/2-1/2"]
[WhiteElo "2020"]
[BlackElo "2265"]

1. e4 c5 2. Nf3 e6 3. d4 cxd4 4. Nxd4 Bc5 5. Nb3 Bb6 6. Nc3 Ne7 7. Qh5 O-O
8. Bg5 Nbc6 9. Bh4 f5 10. O-O-O Qe8 11. Qxe8 Rxe8 12. f3 Ng6 13. Be1 fxe4
14. Nxe4 d5 15. Nec5 Nge5 16. Bc3 Nd7 17. Nxd7 Bxd7 18. g3 a5 19. Bh3 Rf8
20. Bg4 a4 21. Nd4 Nxd4 22. Bxd4 Bxd4 23. Rxd4 g6 24. f4 b5 25. Re1 Rfe8
26. a3 Kf7 27. h4 Rac8 28. h5 Kf6 29. Re5 Rg8 30. Rd3 g5 31. Rxg5 1/2-1/2

[Event "Vienna Ch, Vienna AUT"]
[Site "Vienna Ch, Vienna AUT"]
[Date "1997.??.??"]
[Round "2"]
[White "Halser, Walter"]
[Black "Seiser, Kurt"]
[Result "0-1"]
[WhiteElo "2100"]
[BlackElo "2100"]

1. e4 e6 2. d4 c5 3. Nf3 cxd4 4. Nxd4 Bc5 5. Nb3 Bb6 6. Bd3 Ne7 7. O-O O-O
8. Nc3 Nbc6 9. Qe2 Ng6 10. Be3 Nce5 11. f4 Nxd3 12. Qxd3 Bxe3+ 13. Qxe3 b6
14. f5 Ne5 15. Qg3 f6 16. Nd4 Qe7 17. Nf3 Nxf3+ 18. Qxf3 Bb7 19. Qf2 Qb4
20. Rad1 Qxb2 21. Rxd7 Qxc3 22. Rxb7 Qc6 23. Re7 Rfe8 24. Rxe6 Rxe6 25.
fxe6 Qxe6 26. Qd4 Re8 27. Re1 Qe5 28. Qxe5 Rxe5 29. Kf2 Kf7 30. Kf3 Ke6 31.
Re3 Ra5 32. Rc3 Rxa2 33. Rc7 g5 34. Rxh7 a5 35. Rc7 Rb2 36. Ke3 a4 37. Kd3
b5 38. g4 a3 39. Ra7 b4 40. Ra6+ Ke5 41. h3 a2 42. c3 Rb3 43. Ra5+ Kf4 44.
Rxa2 Rxc3+ 45. Kd4 Rf3 46. Rb2 b3 47. Kd5 Rxh3 48. Ke6 Kxe4 49. Kxf6 Kf4
50. Kg6 Kxg4 51. Rd2 Rg3 52. Rd5 Kh3 53. Rb5 Kg2 54. Kf5 Kf2 55. Ke4 Ke2
56. Kd4 Kd2 57. Ke4 Kc2 58. Rc5+ Kb1 59. Kd4 b2 60. Rc8 Ka2 0-1

[Event "Nis op"]
[Site "Nis"]
[Date "1997.??.??"]
[Round "5"]
[White "Filipovic, Slobodan"]
[Black "Nestorovic, Dejan"]
[Result "0-1"]
[WhiteElo "2130"]
[BlackElo "2380"]

1. e4 c5 2. Nf3 e6 3. d4 cxd4 4. Nxd4 Bc5 5. Nb3 Bb6 6. Nc3 Ne7 7. g3 d5 8.
exd5 exd5 9. Bg2 d4 10. Ne4 O-O 11. O-O Nbc6 12. Qh5 Bf5 13. Bg5 Bg6 14.
Qe2 h6 15. Bd2 Re8 16. a4 a6 17. a5 Ba7 18. Qc4 Ne5 19. Qb4 N7c6 20. Qxb7
d3 21. Nec5 Re7 22. Qxa6 Bxc5 23. Qb5 Ba7 24. c3 Rb8 25. Qa4 Bh5 26. Bf4
Bf3 27. Nd4 Bxg2 28. Kxg2 Qd5+ 29. f3 Rxb2+ 30. Kh3 Bxd4 0-1

[Event "EU-ch U16"]
[Site "Tallinn"]
[Date "1997.??.??"]
[Round "5"]
[White "Fernandez Menendez, Ernesto"]
[Black "Le Roux, Jean Pierre"]
[Result "0-1"]
[WhiteElo "2135"]
[BlackElo "2265"]

1. e4 c5 2. Nf3 e6 3. d4 cxd4 4. Nxd4 Bc5 5. Nb3 Bb6 6. g3 Nc6 7. Bg2 Nge7
8. Nc3 O-O 9. O-O f5 10. exf5 Nxf5 11. Bf4 a6 12. Na4 Ba7 13. c4 d6 14. Qd2
h6 15. Nc3 e5 16. Be3 Nxe3 17. fxe3 Be6 18. Bd5 Bxd5 19. Nxd5 Qg5 20. Kg2
Qg4 21. Qc2 Rac8 22. h3 Qe6 23. Nd2 Ne7 24. Nxe7+ Qxe7 25. Qd3 b5 26. b3
Kh8 27. Rad1 Qe6 28. cxb5 axb5 29. Rxf8+ Rxf8 30. Ne4 Bb8 31. Nc3 b4 32.
Nd5 e4 33. Qd4 Qf7 34. Nf4 Re8 35. Qd5 Qf6 36. Qd4 Qf7 37. Rf1 Kh7 38. Qxb4
Qa7 39. Qd2 Qc5 40. b4 Qe5 41. Nd5 Rc8 42. a4 Qe8 43. b5 Rc4 44. Nb6 Rc5
45. Rf2 Qe6 46. Qb4 Rg5 47. Rf8 d5 48. Rxb8 Qe5 49. g4 Qxb8 50. Nd7 Qc8 51.
b6 Qc2+ 52. Kg1 Qd1+ 53. Kh2 Qe2+ 0-1

[Event "Wch U20"]
[Site "Zagan"]
[Date "1997.07.14"]
[Round "9"]
[White "Van den Doel, Erik"]
[Black "Ivanisevic, Ivan"]
[Result "0-1"]
[WhiteElo "2440"]
[BlackElo "2540"]

1. e4 c5 2. Nf3 e6 3. d4 cxd4 4. Nxd4 Bc5 5. Nb3 Bb6 6. Bd3 Ne7 7. O-O O-O
8. Kh1 f5 9. exf5 Nxf5 10. N1d2 Nc6 11. Nf3 d5 12. Bf4 h6 13. Qe2 a5 14. a4
Nh4 15. Nxh4 Rxf4 16. Ng6 Rb4 17. Ra3 Bc7 18. c3 Rb6 19. Bb5 Qf6 20. Qd3 e5
21. f4 exf4 22. Qxd5+ Be6 23. Qe4 Re8 24. Re1 Bd6 25. Raa1 f3 26. Bc4 fxg2+
27. Kxg2 Bxc4 28. Qxc4+ Kh7 29. Qd3 Qg5+ 30. Kh3 Rxe1 31. Nh4+ g6 32. Rxe1
Ne5 33. Rxe5 Bxe5 34. Qd7+ Bg7 35. Nd4 Rxb2 36. Ne6 Qe3+ 37. Kg4 h5# 0-1

[Event "NOR-chT"]
[Site "Norway"]
[Date "1998.??.??"]
[Round "?"]
[White "Snarheim, Dagfinn"]
[Black "Haugli, Petter"]
[Result "1-0"]
[WhiteElo "2150"]
[BlackElo "2400"]

1. e4 c5 2. Nf3 e6 3. d4 cxd4 4. Nxd4 Bc5 5. Nb3 Bb6 6. Nc3 Ne7 7. Bg5 O-O
8. e5 Nbc6 9. f4 f6 10. exf6 gxf6 11. Bh6 Rf7 12. Bd3 Nb4 13. Qg4+ Kh8 14.
O-O-O d5 15. Qh5 Qg8 16. Nb5 Nxd3+ 17. Rxd3 Qg6 18. Qxg6 hxg6 19. g4 a6 20.
Nd6 Rh7 21. g5 Ng8 22. Re3 Bd7 23. Rhe1 Nxh6 24. gxh6 Rb8 25. a3 Re7 26. f5
gxf5 27. Nxf5 Rh7 28. Nd6 e5 29. Rf3 Bd8 30. Rxe5 Be7 31. Rxe7 Rxe7 32.
Rxf6 Re6 33. Nf7+ Kg8 34. Rf2 Rg6 35. Ne5 Rg1+ 36. Kd2 Bb5 37. Nd4 Re8 38.
Ndf3 Rf8 39. Ke3 d4+ 40. Kxd4 Rd1+ 41. Kc3 1-0

[Event "Gyongyos Matra Kupa"]
[Site "Gyongyos"]
[Date "1998.??.??"]
[Round "1"]
[White "Samu, Janos"]
[Black "Lengyel, Laszlo"]
[Result "0-1"]
[WhiteElo "2040"]
[BlackElo "2205"]

1. e4 e6 2. d4 c5 3. Nf3 cxd4 4. Nxd4 Bc5 5. Nc3 Qb6 6. Be3 Nc6 7. Na4 Qa5+
8. c3 Bxd4 9. Bxd4 Nxd4 10. Qxd4 Nf6 11. b3 O-O 12. Be2 e5 13. Qd3 d6 14.
O-O a6 15. c4 b5 16. cxb5 axb5 17. Nc3 b4 18. Nd5 Nxd5 19. Qxd5 Qxd5 20.
exd5 Ra5 21. Bc4 Bb7 22. Rfd1 Rfa8 23. Rd2 f5 24. f3 Kf7 25. Kf2 Kf6 26. g3
g5 27. h3 h6 28. Kg2 h5 29. Kf2 Bc8 30. Kg2 Bd7 31. Rf2 Be8 32. Rd2 Bf7 33.
Kf2 e4 34. f4 h4 35. Kg2 Rg8 36. Kh2 Re8 37. Re1 Rh8 38. Rf1 hxg3+ 39. Kxg3
gxf4+ 40. Rxf4 Ke5 41. Rdf2 Bg6 42. h4 Rha8 43. h5 Bh7 44. Kh4 Rxa2 45. Kg5
Rxf2 46. Rxf2 Rf8 47. Kh6 Rf7 48. Rg2 f4 49. Rg6 f3 50. Re6+ Kd4 51. Rxd6
e3 52. Re6 Be4 53. d6 Rh7+ 54. Kg5 e2 55. Bxe2 fxe2 56. Re7 e1=Q 57. Rxh7
Qg3+ 0-1

[Event "POL-ch U26"]
[Site "Poland"]
[Date "1998.??.??"]
[Round "?"]
[White "Protaziuk, Grzegorz"]
[Black "Ponceleusz, Bronislaw"]
[Result "1-0"]
[WhiteElo "2300"]
[BlackElo "2105"]

1. e4 c5 2. Nf3 e6 3. d4 cxd4 4. Nxd4 Bc5 5. Nb3 Bb6 6. Nc3 Ne7 7. Be2 Nbc6
8. O-O O-O 9. Bf4 d5 10. exd5 exd5 11. Bf3 Be6 12. Qd2 Ng6 13. Bg3 d4 14.
Na4 f5 15. Nxb6 axb6 16. Bf4 Bxb3 17. axb3 Rxa1 18. Rxa1 Nxf4 19. Qxf4 Nb4
20. Qd2 Qe7 21. Bxb7 Re8 22. h3 Rd8 23. Ra8 Rxa8 24. Bxa8 d3 25. cxd3 Qd6
26. d4 Na6 27. Bf3 h6 28. Qc2 Qe6 29. Qc4 1-0

[Event "UKR-chT"]
[Site "Alushta"]
[Date "1998.??.??"]
[Round "?"]
[White "Pavlov, Maxim"]
[Black "Moiseenko, Alexander"]
[Result "1-0"]
[WhiteElo "2290"]
[BlackElo "2435"]

1. e4 c5 2. Nf3 e6 3. d4 cxd4 4. Nxd4 Bc5 5. Nb3 Bb6 6. c4 Ne7 7. Nc3 O-O
8. Be2 f5 9. O-O f4 10. Nb5 Na6 11. Bd2 d5 12. exd5 exd5 13. Bc3 Be6 14.
N3d4 Bf7 15. Bg4 dxc4 16. Ne6 Qxd1 17. Raxd1 Rfb8 18. Nd6 h5 19. Bh3 Nc5
20. Nxf7 Kxf7 21. Nxg7 Rd8 22. Nxh5 Ne4 23. Rde1 Nxc3 24. Be6+ Kf8 25. bxc3
f3 26. Re4 Nd5 27. Bxd5 Rxd5 28. Rf4+ Ke7 29. Re1+ Kd6 30. Nf6 Rd3 31. Rxc4
fxg2 32. Kxg2 Rh8 33. Rg4 Rdh3 34. Rh1 Ke6 35. Ne4 Kf5 36. f3 Bc7 37. Ng3+
Bxg3 38. Rxg3 R3h4 39. Rg7 Ra4 40. Kg3 Rxa2 41. h4 Rc2 42. Rb1 Rxc3 43.
Rb5+ Kf6 44. Rbxb7 Rc1 45. Rbf7+ Ke6 46. Re7+ Kd6 47. Rxa7 Rg1+ 48. Kf4
Rxh4+ 49. Rg4 Rhh1 50. Rxg1 Rxg1 51. Kf5 Rf1 52. f4 Rf2 53. Rf7 Rf1 54. Kg6
Rg1+ 55. Kf6 Rf1 56. f5 Rg1 57. Ra7 Rf1 58. Kg6 Rg1+ 59. Kf7 Rh1 60. Ra6+
Kd7 61. f6 Rg1 62. Ra2 Rg3 63. Rd2+ Kc7 64. Kf8 Rg1 65. f7 Rg3 66. Rd4 1-0

[Event "JUG-ch51 (Women)"]
[Site "?"]
[Date "1998.??.??"]
[Round "?"]
[White "Nikolin, Zorica"]
[Black "Kalevic, Sanja"]
[Result "0-1"]
[WhiteElo "2245"]
[BlackElo "2310"]

1. e4 c5 2. Nf3 e6 3. d4 cxd4 4. Nxd4 Bc5 5. Nb3 Bb6 6. c4 Ne7 7. Nc3 O-O
8. c5 Bc7 9. Nb5 f5 10. Nxc7 Qxc7 11. Qd6 Qxd6 12. cxd6 Ng6 13. exf5 Rxf5
14. Nd4 Re5+ 15. Be3 Nc6 16. O-O-O Nb4 17. Nb5 b6 18. Bd4 Rg5 19. Nc7 Rb8
20. a3 Nc6 21. Be3 Ra5 22. f4 b5 23. f5 exf5 24. Rd5 b4 25. Rxa5 Nxa5 26.
axb4 Rxb4 27. Bd2 Ra4 28. Bxa5 Rxa5 29. Bc4+ Kf8 30. Kb1 Bb7 31. b3 Bxg2
32. Rc1 Be4+ 33. Kb2 Ne5 34. b4 Nxc4+ 35. Rxc4 Re5 36. Na6 Rd5 37. Rc7 Rxd6
38. Nc5 Bc6 39. Rxa7 Ke7 40. Kc3 Rh6 41. Ra2 Rh3+ 42. Kd4 Rh4+ 43. Kc3 f4
44. Re2+ Kf6 45. Rd2 Rh3+ 46. Kd4 g5 47. Rb2 d6 48. Ne4+ Bxe4 49. Kxe4 Ke6
50. b5 Re3+ 51. Kd4 Kf5 52. b6 Re8 53. b7 Rb8 54. h3 Ke6 55. Rb5 h6 56. h4
g4 57. Ke4 f3 58. Ke3 d5 59. Rb4 h5 60. Rb6+ Ke5 61. Rb5 Kd6 62. Rb6+ Kc7
63. Rh6 Rf8 0-1

[Event "HUN-chT2 9899"]
[Site "Hungary"]
[Date "1998.??.??"]
[Round "?"]
[White "Molnar, Zoltan"]
[Black "Lengyel, Laszlo"]
[Result "1/2-1/2"]
[WhiteElo "2165"]
[BlackElo "2185"]

1. e4 e6 2. d4 c5 3. Nf3 cxd4 4. Nxd4 Bc5 5. Nb3 Bb6 6. Nc3 Ne7 7. Bf4 O-O
8. Qd6 Nbc6 9. Na4 f5 10. Nxb6 Qxb6 11. Be3 Qb4+ 12. Qxb4 Nxb4 13. O-O-O
fxe4 14. Bc5 Nbc6 15. Bb5 Rf5 16. g4 Rf7 17. Rd6 Ne5 18. h3 b6 19. Bd4 N7c6
20. Be3 Bb7 21. Rhd1 Rc8 22. a3 Rc7 23. Kb1 h6 24. Nc1 Re7 25. Bf4 Nf7 26.
Bg3 e5 27. R6d2 Nd4 28. Ba4 d6 29. c3 Nf3 30. Re2 d5 31. Bb3 Rc5 32. Bc2 a5
33. Nb3 Rc8 34. Nd2 Nxd2+ 35. Rexd2 Nd6 36. Bb3 Nc4 37. Bxc4 Rxc4 38. Re2
b5 39. Re3 a4 40. f4 exf3 41. Rxe5 Rxe5 42. Bxe5 Re4 43. Bd4 h5 44. gxh5
Bc8 45. Rf1 Bxh3 46. Rxf3 Rh4 47. Rg3 Bf5+ 48. Ka2 Rg4 49. Rxg4 Bxg4 50. b3
Bxh5 51. bxa4 bxa4 52. Kb2 Kf7 53. Kc2 g5 54. Kd3 Bg6+ 55. Ke3 Ke6 56. Kf3
Kf5 57. Be3 Bh5+ 58. Kg3 Bd1 59. Bc5 1/2-1/2

[Event "HUN-chT2 9899"]
[Site "Hungary"]
[Date "1998.??.??"]
[Round "?"]
[White "Istvanovszky, Kalman"]
[Black "Lengyel, Laszlo"]
[Result "1/2-1/2"]
[WhiteElo "2265"]
[BlackElo "2185"]

1. e4 e6 2. d4 c5 3. Nf3 cxd4 4. Nxd4 Bc5 5. Nb3 Bb6 6. c4 Ne7 7. Nc3 O-O
8. Be2 f5 9. O-O fxe4 10. c5 Bc7 11. Nxe4 Nbc6 12. Qd3 Ne5 13. Qh3 Nf7 14.
Bh5 1/2-1/2

[Event "SVK-chT"]
[Site "?"]
[Date "1998.??.??"]
[Round "?"]
[White "Hagarova, Zuzana"]
[Black "Berezjuk, Sergej"]
[Result "0-1"]
[WhiteElo "2305"]
[BlackElo "2405"]

1. e4 c5 2. Nf3 e6 3. d4 cxd4 4. Nxd4 Bc5 5. Nb3 Bb6 6. Nc3 Ne7 7. Be2 O-O
8. O-O Nbc6 9. Bf4 d5 10. exd5 exd5 11. Bf3 Be6 12. Re1 a5 13. Nb5 Nf5 14.
c3 a4 15. N3d4 Ncxd4 16. Nxd4 Bxd4 17. cxd4 Qb6 18. Bg4 Qxb2 19. Be5 Qb5
20. Rb1 Qd7 21. Rb6 Rfc8 22. Qd2 Rc6 23. Reb1 Rxb6 24. Rxb6 f6 25. Bf4 Nxd4
26. Rd6 Qf7 27. Qxd4 Bxg4 28. Rxd5 Qe8 29. h4 Be6 30. Rc5 Bxa2 31. h5 Qd8
32. Qc3 h6 33. Qg3 Kh8 34. Qg4 Bb3 35. Qg3 a3 36. Rc1 a2 37. Ra1 Qd4 0-1

[Event "HUN-chT29899"]
[Site "HUN"]
[Date "1998.??.??"]
[Round "?"]
[White "Gombar, Janos"]
[Black "Lengyel, Laszlo"]
[Result "1/2-1/2"]
[WhiteElo "2055"]
[BlackElo "2185"]

1. e4 e6 2. d4 c5 3. Nf3 cxd4 4. Nxd4 Bc5 5. Nb3 Bb6 6. Nc3 Ne7 7. Bc4 O-O
8. Bf4 f5 9. Bd6 fxe4 10. Nxe4 Nbc6 11. O-O Bc7 12. Nbc5 b6 13. Na6 Bxa6
14. Bxa6 Bxd6 15. Nxd6 Rb8 16. Qd2 Nd5 17. c4 Nf6 18. Rad1 Ne7 19. f4 Qc7
20. b4 g6 21. Rfe1 Nf5 22. h3 Nxd6 23. Qxd6 Qxd6 24. Rxd6 Kf7 25. g4 Ke7
26. Red1 Rfd8 27. Bb5 Nd5 28. Rxd7+ Rxd7 29. Bxd7 Nxf4 30. Bb5 Rb7 31. Kh2
g5 32. Rd2 Rc7 33. Kg3 e5 34. h4 h6 35. hxg5 hxg5 36. Kf3 Ke6 37. Ke4 Rh7
38. c5 bxc5 39. bxc5 Rc7 40. c6 Ng6 41. Rd7 Rxd7 42. cxd7 Ke7 43. Kf5 Nf4
44. Kxe5 Ne6 45. Ba6 Nc7 46. Bc4 Kxd7 47. Kf5 Ke7 48. Kxg5 Ne8 49. Kg6 Nd6
50. Bd5 Ne8 51. g5 Kf8 52. Bc6 Ng7 53. Kf6 Nh5+ 54. Ke6 Kg7 55. Be4 Nf4+
56. Kd6 Ne2 57. a4 Nc3 58. Bc2 Nxa4 59. Bxa4 Kg6 1/2-1/2

[Event "Aberdeen op"]
[Site "Aberdeen"]
[Date "1998.??.??"]
[Round "1"]
[White "Arakhamia Grant, Ketevan"]
[Black "Mackenzie, Dana N"]
[Result "1-0"]
[WhiteElo "2440"]
[BlackElo "2165"]

1. e4 c5 2. Nf3 e6 3. d4 cxd4 4. Nxd4 Bc5 5. Nb3 Bb6 6. Bd3 Nc6 7. Qe2 d6
8. N1d2 Nge7 9. O-O O-O 10. c4 f5 11. exf5 Nxf5 12. Ne4 Ne5 13. Bg5 Qc7 14.
Rad1 d5 15. cxd5 exd5 16. Nc3 Nxd3 17. Rxd3 d4 18. Nd5 Qf7 19. Nxb6 axb6
20. Nxd4 Nxd4 21. Rxd4 Qg6 22. Bh4 Bh3 23. Bg3 Bf5 24. a3 Rac8 25. h3 Rfe8
26. Qb5 Rc5 27. Qb4 h6 28. Rd6 Qh5 29. Qxb6 Rcc8 30. Qxb7 Rb8 31. Qd5+ 1-0

[Event "CRO-ch 6th"]
[Site "Pula"]
[Date "1998.01.09"]
[Round "11"]
[White "Rogulj, Branko"]
[Black "Sale, Srdjan"]
[Result "1/2-1/2"]
[WhiteElo "2430"]
[BlackElo "2415"]

1. e4 c5 2. Nf3 e6 3. d4 cxd4 4. Nxd4 Bc5 5. Be3 Qb6 6. c3 Nc6 7. Nd2 Nxd4
8. Nc4 Qc6 9. Bxd4 Qxe4+ 10. Be2 Be7 11. O-O Nf6 12. Bf3 Qf5 13. Re1 O-O
14. Re5 Qg6 15. h4 h6 16. h5 Qh7 17. Ra5 a6 18. Nb6 Bd8 19. b4 Bxb6 20.
Bxb6 d5 21. Bd4 Nd7 22. Be2 Qe4 23. b5 e5 24. Be3 Nf6 25. Ra4 Qf5 26. bxa6
bxa6 27. Rb1 Ne4 28. Rb3 Bd7 29. Ra5 Bb5 30. Bg4 Qh7 31. Qxd5 Nf6 32. Qf3
Nxg4 33. Qxg4 Rac8 34. Rb4 Rxc3 35. a4 Ra3 36. Kh2 Ra2 37. Raxb5 axb5 38.
axb5 Kh8 39. b6 Qc2 40. b7 Qc7 41. Qc4 Qxc4 42. Rxc4 Rb2 43. Rc8 Rg8 44.
Rc7 Kh7 45. Ba7 f5 46. Re7 Rb3 47. b8=Q Rgxb8 48. Bxb8 Rxb8 49. Rxe5 Rf8
50. Kg3 g5 51. hxg6+ Kxg6 52. Kf4 Rf6 53. Rd5 Ra6 54. Rd4 Kf6 1/2-1/2

[Event "Budapest FS02 GM"]
[Site "Budapest"]
[Date "1998.02.??"]
[Round "1"]
[White "Varga, Zoltan"]
[Black "Fogarasi, Tibor"]
[Result "1-0"]
[WhiteElo "2520"]
[BlackElo "2440"]

1. e4 c5 2. Nf3 e6 3. d4 cxd4 4. Nxd4 Bc5 5. Nb3 Bb6 6. Bd3 Ne7 7. O-O O-O
8. Nc3 Nbc6 9. Qh5 f5 10. exf5 Nxf5 11. Bg5 Qc7 12. Na4 g6 13. Qh3 d5 14.
Nxb6 axb6 15. f4 e5 16. fxe5 Nxe5 17. Bf4 Ra4 18. Bxf5 Rxf5 19. Qg3 Re4 20.
c3 Qf7 21. Bxe5 Rexe5 22. Nd4 Rxf1+ 23. Rxf1 Qe7 24. Qf2 Kg7 25. Nf3 Re3
26. Qd2 Qe4 27. Ng5 Qd3 28. Qf2 Bf5 29. g4 Re2 30. Qf4 h6 31. Qc7+ Kf6 32.
Nh7+ Ke6 33. gxf5+ gxf5 34. Qxb6+ Ke7 35. Qxb7+ Kd6 36. Qb8+ Ke7 37. Qf8+
1-0

[Event "Cannes op"]
[Site "Cannes"]
[Date "1998.02.21"]
[Round "7"]
[White "Fontaine, Robert"]
[Black "Le Roux, Jean Pierre"]
[Result "1-0"]
[WhiteElo "2365"]
[BlackElo "2275"]

1. e4 c5 2. Nf3 e6 3. d4 cxd4 4. Nxd4 Bc5 5. Nb3 Bb6 6. c4 Ne7 7. Nc3 O-O
8. g3 Nbc6 9. Bg2 f5 10. O-O fxe4 11. c5 Bc7 12. Nxe4 b6 13. Qe2 a5 14. Rd1
a4 15. Nd4 Nxd4 16. Rxd4 Ra5 17. Qc2 bxc5 18. Nxc5 Nd5 19. Bxd5 exd5 20.
Rh4 g6 21. Bh6 Re8 22. Rc1 Bd6 23. Nxa4 Bb7 24. b4 Ra8 25. Nc5 Bc6 26. a4
Rc8 27. Qd2 Qf6 28. Rd4 Be5 29. Rd3 Qf5 30. f3 Bxa4 31. g4 Qf6 32. f4 Bb2
33. Rb1 Rxc5 34. bxc5 Bb5 35. Re1 Ra8 36. Rde3 Bd4 37. Kh1 d6 38. Re6 Qf7
39. Qxd4 1-0

[Event "Jagodina"]
[Site "Jagodina"]
[Date "1998.03.23"]
[Round "2"]
[White "Brenjo, Slavisa"]
[Black "Nestorovic, Dejan"]
[Result "1/2-1/2"]
[WhiteElo "2450"]
[BlackElo "2375"]

1. e4 c5 2. Nf3 e6 3. d4 cxd4 4. Nxd4 Bc5 5. Be3 Qb6 6. Na3 d5 7. c3 e5 8.
Bb5+ Bd7 9. Nf5 Nf6 10. Bxc5 Qxc5 11. exd5 O-O 12. Bxd7 Nbxd7 13. O-O b5
14. Nc2 g6 15. Nfe3 Nb6 16. Qe2 Nfxd5 17. Nxd5 Qxd5 18. Ne3 Qc6 19. Rad1
Rad8 20. Rfe1 Rfe8 21. Ng4 f6 22. h4 Qe6 23. Ne3 Nc4 24. b3 Nxe3 25. Qxe3
Rd7 26. Qc5 a6 27. c4 bxc4 28. Rxd7 Qxd7 29. Qxc4+ Qe6 30. Rc1 Qxc4 31.
Rxc4 Re6 32. Rc7 Rd6 33. Kh2 f5 34. Ra7 e4 35. Kg3 h6 36. Kf4 Re6 37. g3 h5
38. a3 Rb6 39. b4 Re6 40. Kg5 Kf8 41. Kf4 Kg8 42. Kg5 Kf8 43. Kf4 Kg8
1/2-1/2